[Event "LSS WC-2009-F-00001"]
[Site "LSS email"]
[Date "2009.11.03"]
[Round "?"]
[White "Contreras Poblete, Juan Antonio"]
[Black "Daus, Peter"]
[Result "0-1"]
[WhiteElo "2272"]
[BlackElo "2375"]
[PlyCount "86"]
[EventDate "2009.11.08"]
[EventType "tourn (corr)"]
[EventRounds "14"]
[EventCountry "GER"]
[SourceTitle "Telechess CBM 147"]
[Source "ChessBase"]
[SourceDate "2012.03.16"]
[SourceVersion "1"]
[SourceVersionDate "2012.03.16"]
[SourceQuality "1"]

1. d4 d5 2. c4 e6 3. Nc3 Nf6 4. cxd5 exd5 5. Bg5 c6 6. e3 Be7 7. Bd3 Nbd7 8. Qc2 Nh5 9. Bxe7 Qxe7 10. Nge2 g6 11. 0-0 Nb6 12. a4 a5 13. Qb3 Nd7 14. Qa3 Qxa3 15. Rxa3 f5 16. Nb1 0-0 17. g3 Nhf6 18. Nd2 Ne4 19. Nf3 Re8 20. h4 Ndf6 21. Nf4 Kg7 22. Be2 h6 23. Rc1 Ng4 24. Nd3 Be6 25. Rb3 Re7 26. Kg2 g5 27. Rh1 Rh8 28. Nfe5 Nxe5 29. Nxe5 g4 30. Rd1 Rd8 31. Nd3 Kf6 32. Nf4 Bf7 33. Rc1 Nd6 34. Rc5 Ra8 35. Kg1 Ne4 36. Rc1 Nd6 37. Rbc3 Rd7 38. Bd3 Nc4 39. R3c2 Nd6 40. Re1 Ne4 41. Bxe4 fxe4 42. Rc3 Ke7 43. Rb1 Kd6 0-1

[Event "LSS WC-2009-F-00001"]
[Site "LSS email"]
[Date "2009.11.03"]
[Round "?"]
[White "Contreras Poblete, Juan Antonio"]
[Black "Pappier, Carlos Guillermo"]
[Result "1/2-1/2"]
[WhiteElo "2403"]
[BlackElo "2513"]
[PlyCount "67"]
[EventDate "2009.11.08"]
[EventType "tourn (corr)"]
[EventRounds "14"]
[EventCountry "GER"]
[SourceTitle "Corr 2013"]
[Source "ChessBase"]
[SourceDate "2012.11.12"]
[SourceVersion "1"]
[SourceVersionDate "2012.11.12"]
[SourceQuality "1"]
[WhiteTeam "US of America"]
[BlackTeam "US of America"]
[WhiteTeamCountry "USA"]
[BlackTeamCountry "USA"]

1. d4 Nf6 2. c4 e6 3. Nc3 Bb4 4. e3 0-0 5. Bd3 d5 6. Nf3 b6 7. 0-0 Bb7 8. cxd5 exd5 9. a3 Bd6 10. b4 a6 11. Qb3 Nbd7 12. a4 Qe7 13. Ba3 c6 14. a5 b5 15. Nh4 g6 16. Nf3 Rae8 17. Nd2 Ng4 18. Nf3 f5 19. Ne2 Ngf6 20. Bc2 Ne4 21. Rad1 g5 22. Ne1 g4 23. Nf4 Rf6 24. f3 gxf3 25. Rxf3 Rh6 26. Ned3 Bc8 27. Bb2 Kh8 28. Ne5 Nxe5 29. dxe5 Bxe5 30. Bxe4 fxe4 31. Rf2 Rf6 32. Rdf1 Ref8 33. Qc2 Bd7 34. Qd2 1/2-1/2

[Event "LSS WC-2009-F-00001"]
[Site "LSS email"]
[Date "2009.11.03"]
[Round "?"]
[White "Nebel, Uwe"]
[Black "Contreras Poblete, Juan Antonio"]
[Result "1/2-1/2"]
[WhiteElo "2420"]
[BlackElo "2409"]
[PlyCount "64"]
[EventDate "2009.11.08"]
[EventType "tourn (corr)"]
[EventRounds "14"]
[EventCountry "GER"]
[SourceTitle "Corr 2013"]
[Source "ChessBase"]
[SourceDate "2012.11.12"]
[SourceVersion "1"]
[SourceVersionDate "2012.11.12"]
[SourceQuality "1"]
[WhiteTeam "US of America"]
[BlackTeam "US of America"]
[WhiteTeamCountry "USA"]
[BlackTeamCountry "USA"]

1. d4 Nf6 2. c4 e6 3. Nf3 d5 4. Nc3 c6 5. e3 Nbd7 6. Bd3 dxc4 7. Bxc4 b5 8. Bd3 Bb7 9. 0-0 a6 10. e4 c5 11. d5 Qc7 12. dxe6 fxe6 13. Bc2 c4 14. Qe2 Bd6 15. Nd4 Bxh2+ 16. Kh1 Qd6 17. Rd1 Be5 18. Ndxb5 Qe7 19. Nd4 0-0 20. Kg1 Bxd4 21. Rxd4 Ne5 22. Bg5 Qf7 23. Bf4 Nfg4 24. Bg3 Qh5 25. Rad1 Rxf2 26. Rd8+ Kf7 27. Bxf2 Qh2+ 28. Kf1 Qh1+ 29. Bg1 Rxd8 30. Rxd8 Nh2+ 31. Kf2 Nhg4+ 32. Kf1 Nh2+ 1/2-1/2